| 000 | 00830nam a22002537a 4500 | ||
|---|---|---|---|
| 999 |
_c17959 _d17959 |
||
| 003 | AR-CdUCM | ||
| 008 | 190510b ||||| |||| 00| 0 spa d | ||
| 040 |
_aMUNICIPALIDAD PROVINCIAL DEL CUSCO _cBIBLIOTECA MUNICIPAL DEL CUSCO |
||
| 041 | _hgre | ||
| 082 |
_a882.1 / _bES91 |
||
| 100 |
_aEsquilo _922258 |
||
| 245 | _aAgamenon Epido Rey Hipolito / | ||
| 260 |
_aBogotá : _bOveja Negra, _c1983. |
||
| 300 |
_a214 páginas ; _c18.5 cm. |
||
| 440 |
_aHistoria Universal de la Literatura. _924301 |
||
| 505 | _aContenido: Agamenón / Esquilo -- Edipo Rey /Sófocles -- Hipólito / Eurípides. | ||
| 650 |
_aTeatro Griego _97549 |
||
| 650 |
_aLiteratura Griega _919082 |
||
| 650 |
_aSiglo XX _98 |
||
| 700 |
_aSófocles _927435 |
||
| 700 |
_aEurípides (coautores) _938241 |
||
| 942 |
_2ddc _cLIBROS |
||
| 945 |
_aachl _d2019-05-10 |
||